Online
Catalog
Normal view MARC view

Entry Nombre personal

Number of records used in: 1

001 - NÚMERO DE CONTROL

  • campo de control: 86900

003 - IDENTIFICADOR DEL NÚMERO DE CONTROL

  • campo de control: DO-SdBNP

005 - FECHA Y HORA DE LA ÚLTIMA TRANSACCIÓN

  • campo de control: 20250120135925.0

008 - DATOS DE LONGITUD FIJA

  • campo de control de longitud fija: 250120|| aca||aabn | a|a d

040 ## - FUENTE DE LA CATALOGACIÓN

  • Centro catalogador/agencia de origen: DO-SdBNP

100 ## - ENCABEZAMIENTO-NOMBRE DE PERSONA

  • Nombre de persona: Tejada, Zonia

370 ## - LUGAR ASOCIADO

  • País asociado: Santo Domingo, República Dominicana

373 ## - GRUPO ASOCIADO

  • Grupo asociado: Multimedio Ritmo Económico

374 ## - OCUPACIÓN

  • Ocupación: Directora

375 ## - GÉNERO/SEXO

  • Género/Sexo: Femenino

Powered by Koha